| 000 | 00463cam a22001577a 4500 | ||
|---|---|---|---|
| 008 | 180718b2002 xxu||||| |||| 00| 0 eng d | ||
| 020 | _a8122006248 | ||
| 082 | _aDx54 B469 | ||
| 245 |
_aSouth Asia 2010: challenges and opportunities _cedited by K.K. Bhargava and Sridhar K. Khatri |
||
| 260 |
_aDelhi _bKonark _c2002 |
||
| 300 | _a531p. | ||
| 650 | _aSouth Asia | ||
| 650 | _a21st century --Forecasts | ||
| 700 | _aKhatri, Sridhar K. | ||
| 700 | _aBhargava, K.K. | ||
| 999 |
_c404934 _d404934 |
||